| 000 | 00768nam a22002897a 4500 | ||
|---|---|---|---|
| 001 | 00260 | ||
| 003 | DO-SdBNP | ||
| 005 | 20180219150948.0 | ||
| 008 | 151117b 1984 sp xxu||||| |||| 00| 0 spa d | ||
| 020 | _a8485337980 | ||
| 040 |
_aBPMSU _bspa _cBPMSU |
||
| 092 |
_axxxxx _bxxxxx |
||
| 100 | 1 | _aCasinos, A. | |
| 245 | 1 | 0 |
_aLos cetáceos / _cA. Casinos, Román Montull, Salvador Filella. |
| 260 |
_aMadrid : _bPenthalon, _c1984. |
||
| 300 |
_a151 p. _bil. ; _c19 cm. |
||
| 490 | 1 | _aEl búho viajero | |
| 490 | 1 | _aContacto | |
| 700 | 1 | 2 | _aFilella, Salvador |
| 700 | 1 | 2 | _aMontull, Román |
| 830 | 0 | _aEl búho viajero. | |
| 830 | 0 | _aContacto | |
| 910 | _a00260 | ||
| 942 |
_2ddc _cBK |
||
| 945 | _aInventariado, 2018 / BT | ||
| 956 |
_aLorenza Pérez _b10 |
||
| 999 |
_c8749 _d8749 |
||